ბათუმის შოთა რუსთაველის სახელმწიფო უნივერსიტეტის ბიბლიოთეკა

Комплексная логика. (ბიბ.ჩანაწერი № 38994)

000 -LEADER
fixed length control field 00515nam a2200205Ia 4500
001 - CONTROL NUMBER
control field 5466
003 - CONTROL NUMBER IDENTIFIER
control field GE_BSU
008 - FIXED-LENGTH DATA ELEMENTS--GENERAL INFORMATION
fixed length control field 181216s||||||||xx |||||||||||||| ||und||
040 ## - CATALOGING SOURCE
Transcribing agency GE_BSU
080 ## - UNIVERSAL DECIMAL CLASSIFICATION NUMBER
Universal Decimal Classification number 16
100 ## - MAIN ENTRY--PERSONAL NAME
Personal name Зиновьев А.А.
245 ## - TITLE STATEMENT
Title Комплексная логика.
245 ## - TITLE STATEMENT
Statement of responsibility, etc. Отв. ред. Л.В.Таванец.
260 ## - PUBLICATION, DISTRIBUTION, ETC.
Place of publication, distribution, etc. Москва
260 ## - PUBLICATION, DISTRIBUTION, ETC.
Name of publisher, distributor, etc. Наука
260 ## - PUBLICATION, DISTRIBUTION, ETC.
Date of publication, distribution, etc. 1970
300 ## - PHYSICAL DESCRIPTION
Extent 202 с. 20 см.
653 ## - INDEX TERM--UNCONTROLLED
Uncontrolled term Комплексная логика.
942 ## - ADDED ENTRY ELEMENTS (KOHA)
Koha item type წიგნი
ეგზემპლარები
Withdrawn status Lost status Damaged status Not for loan Date acquired Barcode Date last seen Price effective from Koha item type Public note
        2018-12-17 16072 2018-12-17 2018-12-17 წიგნი დარბაზი